Langues parlées par Nikola Tesla - Statistiques

Statistiques générales
  • Ce quiz a été pris 133 fois
  • Le résultat moyen est 5 sur 8
Statistiques - réponses
Langue % Correct
Français
99%
Anglais
98%
Allemand
89%
Italien
84%
Serbo-croate
40%
Latin
30%
Hongrois
24%
Tchèque
15%
Aucun quiz correspondant
Distribution des résultats
% des personnes avec chaque résultat
Percentile par nombre de réponses
Votre historique - résultats
Vous n’avez pas pris ce quiz